[Event "SCO-ch op 127th"]
[Site "Edinburgh"]
[Date "2022.07.06"]
[Round "5"]
[White "Stevenson, James"]
[Black "Orr, Mark JL"]
[Result "1/2-1/2"]
[WhiteElo "2008"]
[BlackElo "2080"]
[PlyCount "137"]
[EventDate "2022.07.02"]
[EventType "swiss"]
[EventRounds "9"]
[EventCountry "SCO"]
[SourceTitle "CBM 209 Extra"]
[Source "ChessBase"]
[SourceDate "2022.09.30"]
[SourceVersion "1"]
[SourceVersionDate "2022.09.30"]
[SourceQuality "1"]

1. g3 d5 2. Nf3 Nf6 3. Bg2 Bf5 4. d3 h6 5. Nbd2 e6 6. 0-0 Be7 7. Qe1 0-0 8. e4 Bh7 9. Qe2 c5 10. Re1 Nc6 11. a3 b5 12. e5 Nd7 13. h4 Qc7 14. Nf1 a5 15. N1h2 b4 16. Bf4 Rfc8 17. Ng4 Qd8 18. Qd2 bxa3 19. bxa3 Rab8 20. Nfh2 Nd4 21. Ra2 a4 22. c3 Nb3 23. Qe2 c4 24. dxc4 Rxc4 25. Bxd5 Rxf4 26. gxf4 Ndc5 27. Bg2 Bxh4 28. Rd1 Qa5 29. Nf3 Be7 30. Nd4 Nxd4 31. cxd4 Nb3 32. Be4 Bxe4 33. Qxe4 Rc8 34. Ne3 Bf8 35. f5 exf5 36. Nxf5 Qc3 37. Ne3 Rd8 38. d5 Bc5 39. d6 Nd4 40. Nd5 Qb3 41. Raa1 Nf3+ 42. Kg2 Ng5 43. Ne7+ Kh8 44. Qf5 Qe6 45. Qxe6 Nxe6 46. Kg3 Bd4 47. Nc6 Bxa1 48. Rxa1 Rc8 49. Nb4 Rc3+ 50. f3 g5 51. d7 Kg7 52. Rd1 Nd8 53. Rd3 Rxd3 54. Nxd3 f6 55. exf6+ Kxf6 56. Kg4 Ke6 57. Nc5+ Kd6 58. Nxa4 Kxd7 59. Nc5+ Kd6 60. Ne4+ Ke5 61. a4 Nc6 62. Ng3 Kf6 63. Kh5 Ke5 64. Ne2 Kd5 65. Kxh6 Ne5 66. Kxg5 Nxf3+ 67. Kf4 Nd2 68. Ke3 Nb3 69. Nf4+ 1/2-1/2

[Event "SCO-ch op 127th"]
[Site "Edinburgh"]
[Date "2022.07.03"]
[Round "2"]
[White "Koehn, Lennart"]
[Black "Stevenson, James"]
[Result "1-0"]
[WhiteElo "2098"]
[BlackElo "2008"]
[PlyCount "95"]
[EventDate "2022.07.02"]
[EventType "swiss"]
[EventRounds "9"]
[EventCountry "SCO"]
[SourceTitle "CBM 209 Extra"]
[Source "ChessBase"]
[SourceDate "2022.09.30"]
[SourceVersion "1"]
[SourceVersionDate "2022.09.30"]
[SourceQuality "1"]

1. e4 e5 2. Nf3 Nf6 3. d3 Nc6 4. c3 d5 5. Nbd2 a5 6. a4 Be7 7. Be2 0-0 8. h3 h6 9. 0-0 Re8 10. Qc2 Bf8 11. Re1 b6 12. Nf1 Ba6 13. Ng3 g6 14. h4 h5 15. Bg5 Be7 16. Rad1 Qd6 17. d4 Bxe2 18. Rxe2 Nxe4 19. Nxe4 dxe4 20. dxe5 Qc5 21. Qxe4 Bxg5 22. hxg5 Rad8 23. Rxd8 Nxd8 24. Rd2 Ne6 25. Rd7 Rb8 26. Qd3 b5 27. Rd5 Nf4 28. Qxg6+ Nxg6 29. Rxc5 bxa4 30. Rxa5 Rxb2 31. Rxa4 Rb5 32. Re4 Rc5 33. e6 fxe6 34. Rxe6 Nf4 35. Re4 Ng6 36. c4 Kf7 37. Kf1 Ra5 38. Ke2 Ra2+ 39. Ke3 Ra3+ 40. Ke2 Ra2+ 41. Nd2 Ne7 42. Re5 Nc6 43. Rf5+ Kg8 44. Ke3 Ra3+ 45. Ke4 Ra2 46. Nf1 Kg7 47. Ne3 Rd2 48. Rc5 1-0

[Event "BCF-chT 2122 (4NCL)"]
[Site "England"]
[Date "2021.11.28"]
[Round "2.85"]
[White "Kanyamarala, Trisha"]
[Black "Stevenson, James"]
[Result "1-0"]
[WhiteElo "2198"]
[BlackElo "2015"]
[PlyCount "71"]
[EventDate "2021.11.27"]
[EventType "team-swiss"]
[EventRounds "11"]
[EventCountry "ENG"]
[SourceTitle "EXT 2023"]
[Source "ChessBase"]
[SourceDate "2022.10.05"]
[SourceVersion "1"]
[SourceVersionDate "2022.10.05"]
[SourceQuality "1"]
[WhiteTeam "Gonzaga"]
[BlackTeam "Celtic Tigers"]
[WhiteTeamCountry "ENG"]
[BlackTeamCountry "ENG"]

1. d4 Nf6 2. c4 g6 3. Nc3 d5 4. cxd5 Nxd5 5. e4 Nxc3 6. bxc3 Bg7 7. Nf3 c5 8. Be3 Nc6 9. Rb1 Qa5 10. Qd2 0-0 11. Rb5 Qa3 12. Rxc5 Bg4 13. Qc2 Bxf3 14. gxf3 Nxd4 15. cxd4 Qb4+ 16. Qd2 Qb6 17. Bh3 Qf6 18. Qe2 b6 19. Rc1 Rfd8 20. e5 Qh4 21. Bg2 Rd7 22. f4 Rad8 23. 0-0 e6 24. Rfd1 Bh6 25. Qf3 Qe7 26. Rd3 Bg7 27. Rdc3 b5 28. Rc8 h5 29. Qa8 Kh7 30. Rxd8 Rxd8 31. Qb7 Rd7 32. Qxb5 h4 33. h3 Bh6 34. Qc6 Qd8 35. Qa6 Qb8 36. Qc8 1-0

[Event "WchT Seniors 50"]
[Site "Prague"]
[Date "2020.03.06"]
[Round "1.21"]
[White "Stevenson, James"]
[Black "Sandten, Ulrich"]
[Result "1/2-1/2"]
[WhiteElo "2020"]
[BlackElo "2100"]
[PlyCount "112"]
[EventDate "2020.03.06"]
[EventType "team-swiss"]
[EventRounds "7"]
[EventCountry "CZE"]
[SourceTitle "CBM 195 Extra"]
[Source "ChessBase"]
[SourceDate "2020.05.31"]
[SourceVersion "1"]
[SourceVersionDate "2020.05.31"]
[SourceQuality "1"]
[WhiteTeam "Scotland 50 II"]
[BlackTeam "Germany 50 V"]
[WhiteTeamCountry "SCO"]
[BlackTeamCountry "GER"]

1. e4 e6 2. Qe2 c5 3. b3 Nc6 4. Bb2 Nf6 5. Nf3 Be7 6. g3 0-0 7. Bg2 d5 8. d3 b5 9. 0-0 a5 10. Re1 a4 11. Nbd2 Ra7 12. Nf1 b4 13. h4 Bb7 14. e5 Ne8 15. N1h2 Nc7 16. Ng4 Nb5 17. h5 Ncd4 18. Nxd4 cxd4 19. f4 Qc7 20. Qf2 Bc8 21. Kh2 Nc3 22. Qd2 Bd7 23. Bxc3 Qxc3 24. Qxc3 bxc3 25. Rab1 axb3 26. axb3 Ra2 27. Re2 Rfa8 28. Nf2 Rb2 29. Rc1 Raa2 30. Bf3 Ba3 31. Kg2 Kf8 32. h6 gxh6 33. Ng4 Rxb3 34. Rh1 Rbb2 35. Nf6 Ba4 36. Rxh6 Rxc2 37. Rxc2 Rxc2+ 38. Kh3 Be7 39. Rxh7 Bxf6 40. exf6 Kg8 41. Rg7+ Kf8 42. Bh5 Be8 43. Rh7 Kg8 44. Rg7+ Kh8 45. Bxf7 Bxf7 46. Rxf7 Rd2 47. Rc7 Kg8 48. g4 Rxd3+ 49. Kh4 c2 50. Rxc2 Rc3 51. Rd2 Kf7 52. Kg5 Rc8 53. Rxd4 Rg8+ 54. Kh4 Kxf6 55. Kg3 Ra8 56. Rd3 Ra1 1/2-1/2

[Event "BCF-chT4S 1819 (4NCL)"]
[Site "England"]
[Date "2019.05.06"]
[Round "11.33"]
[White "Stevenson, James"]
[Black "Weatherlake, John P"]
[Result "1-0"]
[WhiteElo "1994"]
[BlackElo "1922"]
[PlyCount "50"]
[EventDate "2018.11.17"]
[EventType "team-swiss"]
[EventRounds "11"]
[EventCountry "ENG"]
[SourceTitle "EXT 2021"]
[Source "ChessBase"]
[SourceDate "2020.10.23"]
[SourceVersion "1"]
[SourceVersionDate "2020.10.23"]
[SourceQuality "1"]
[WhiteTeam "Celtic Tigers II"]
[BlackTeam "Wessex II"]
[WhiteTeamCountry "ENG"]
[BlackTeamCountry "ENG"]

1. e4 g6 2. d4 Bg7 3. Nc3 d6 4. Be3 a6 5. a4 b6 6. Nf3 Nd7 7. Bc4 e6 8. Qd2 Bb7 9. 0-0 h6 10. Rad1 Ne7 11. Rfe1 g5 12. Qe2 Ng6 13. Nd2 Qe7 14. Nf1 c5 15. Ng3 Nf4 16. Qd2 cxd4 17. Bxd4 Ne5 18. Bf1 Qc7 19. Be3 Nh3+ 20. Kh1 Rd8 21. Qd4 Nf4 22. Qxb6 Qb8 23. Bxa6 Bxe4 24. Ngxe4 Qxb6 25. Bxb6 Rb8 1-0

[Event "Basingstoke 4NCL Spring Bank op-B 1st"]
[Site "Basingstoke"]
[Date "2018.05.27"]
[Round "5"]
[White "Cooper, Malcolm H"]
[Black "Stevenson, James"]
[Result "1/2-1/2"]
[WhiteElo "1840"]
[BlackElo "2049"]
[PlyCount "76"]
[EventDate "2018.05.25"]
[EventType "swiss"]
[EventRounds "7"]
[EventCountry "ENG"]
[SourceTitle "CBM 184 Extra"]
[Source "ChessBase"]
[SourceDate "2018.06.28"]
[SourceVersion "1"]
[SourceVersionDate "2018.06.28"]
[SourceQuality "1"]

1. e4 c5 2. Nf3 d6 3. d4 cxd4 4. Nxd4 Nf6 5. Nc3 a6 6. Be2 e6 7. Be3 Qc7 8. 0-0 b5 9. a3 Bb7 10. Qd3 Nbd7 11. f3 Be7 12. Rad1 Ne5 13. Qd2 0-0 14. Bd3 Rfd8 15. Qf2 Nc4 16. Bxc4 Qxc4 17. Nb3 Nd7 18. Na5 Qc7 19. Nxb7 Qxb7 20. Kh1 Ne5 21. Bd4 Rac8 22. Bxe5 dxe5 23. Qe2 h6 24. Rxd8+ Rxd8 25. Rd1 Rd4 26. Nb1 Qd7 27. Rd3 Bg5 28. Nc3 Qd6 29. Nd1 g6 30. Nf2 h5 31. Kg1 Bd8 32. Kf1 Bb6 33. Ke1 Qc5 34. h3 Kg7 35. c3 Rd8 36. Rxd8 Bxd8 37. Nd3 Qd6 38. Kd1 Be7 1/2-1/2

[Event "BCF-chT2 1718 (4NCL) Promotion pool"]
[Site "England"]
[Date "2018.05.07"]
[Round "11.37"]
[White "Shepley, Julien M"]
[Black "Stevenson, James"]
[Result "1/2-1/2"]
[WhiteElo "1986"]
[BlackElo "2049"]
[PlyCount "143"]
[EventDate "2017.11.11"]
[EventType "team-tourn"]
[EventRounds "11"]
[EventCountry "ENG"]
[SourceTitle "EXT 2020"]
[Source "ChessBase"]
[SourceDate "2019.10.17"]
[SourceVersion "1"]
[SourceVersionDate "2019.10.17"]
[SourceQuality "1"]
[WhiteTeam "Guildford III"]
[BlackTeam "Celtic Tigers"]
[WhiteTeamCountry "ENG"]
[BlackTeamCountry "ENG"]

1. e4 Nf6 2. Nc3 d5 3. e5 Ne4 4. Nce2 d4 5. c3 dxc3 6. bxc3 Nc5 7. d4 Nca6 8. Nf3 Bg4 9. Ng3 e6 10. h3 Bxf3 11. Qxf3 c6 12. Bd3 Nc7 13. 0-0 Nd7 14. Rb1 Rb8 15. Ne4 h6 16. Re1 Nb6 17. Nd6+ Bxd6 18. exd6 Ncd5 19. c4 Nf6 20. c5 Nbd5 21. Qg3 Kf8 22. f4 Nh5 23. Qf2 Qf6 24. Rf1 g6 25. Bd2 Ng7 26. g4 h5 27. g5 Qd8 28. Rfe1 Qd7 29. Be4 Nf5 30. Rb3 Kg7 31. Reb1 b5 32. a4 a6 33. axb5 axb5 34. Ra3 Ra8 35. Rba1 Qb7 36. Qe1 Rhb8 37. Bxd5 Rxa3 38. Qe5+ Kh7 39. Rxa3 exd5 40. Qf6 Re8 41. Ba5 Ra8 42. Bb4 Rxa3 43. Bxa3 Qa7 44. Bb2 Qa2 45. Qxf7+ Ng7 46. d7 Qb1+ 47. Kg2 Qxb2+ 48. Kh1 Qc1+ 49. Kh2 Qd2+ 50. Kh1 Qe1+ 51. Kg2 Qe2+ 52. Kg3 Qe6 53. Qxg7+ Kxg7 54. d8Q Qe3+ 55. Kg2 Qe4+ 56. Kg3 h4+ 57. Kg4 Qf5+ 58. Kf3 Qd3+ 59. Kg2 Qg3+ 60. Kh1 Qxh3+ 61. Kg1 Qg3+ 62. Kh1 Qxf4 63. Qd7+ Qf7 64. Qxc6 Qf3+ 65. Kh2 Qg3+ 66. Kh1 Qxg5 67. Qxb5 Qf5 68. Qe8 Qf3+ 69. Kh2 Qf2+ 70. Kh1 Qf3+ 71. Kh2 Qf4+ 72. Kh1 1/2-1/2

[Event "BCF-chT2 1718 (4NCL) Promotion pool"]
[Site "England"]
[Date "2018.05.06"]
[Round "10.37"]
[White "Stevenson, James"]
[Black "Moore, Graham J"]
[Result "0-1"]
[WhiteElo "2049"]
[BlackElo "2196"]
[PlyCount "104"]
[EventDate "2017.11.11"]
[EventType "team-tourn"]
[EventRounds "11"]
[EventCountry "ENG"]
[SourceTitle "EXT 2020"]
[Source "ChessBase"]
[SourceDate "2019.10.17"]
[SourceVersion "1"]
[SourceVersionDate "2019.10.17"]
[SourceQuality "1"]
[WhiteTeam "Celtic Tigers"]
[BlackTeam "Anglian Avengers"]
[WhiteTeamCountry "ENG"]
[BlackTeamCountry "ENG"]

1. f4 d5 2. Nf3 Nc6 3. e3 Bg4 4. Be2 Bxf3 5. Bxf3 e5 6. fxe5 Nxe5 7. Nc3 c6 8. b3 d4 9. exd4 Qxd4 10. Bb2 0-0-0 11. Qe2 Nxf3+ 12. gxf3 Qh4+ 13. Kd1 Nf6 14. Kc1 Bb4 15. Qc4 Rd4 16. Qxf7 Re8 17. Ne4 Bxd2+ 18. Kb1 Rdxe4 19. fxe4 Qxe4 20. Rf1 Nd5 21. Bxg7 Ne3 22. Qxe8+ Qxe8 23. Rf8 Qxf8 24. Bxf8 Bc3 25. Bh6 Nxc2 26. Kxc2 Bxa1 27. a4 b6 28. Kd3 Kd7 29. Ke4 Ke6 30. Be3 Bc3 31. h3 Be1 32. Bd4 c5 33. Be5 a6 34. Bc7 b5 35. axb5 axb5 36. Bb6 Kd6 37. Bd8 Bc3 38. Bg5 Kc6 39. Be3 c4 40. bxc4 bxc4 41. Bc1 Kb5 42. Kd5 Kb4 43. h4 h5 44. Ba3+ Kb3 45. Bc1 Bf6 46. Bf4 Bxh4 47. Ke4 c3 48. Be5 c2 49. Bf4 Kb2 50. Kf3 Kb1 51. Be3 Bf6 52. Kg3 Bb2 0-1

[Event "BCF-chT2a 1516 (4NCL)"]
[Site "England"]
[Date "2015.11.14"]
[Round "1.216"]
[White "Stevenson, James"]
[Black "Hynes, Anthony"]
[Result "1-0"]
[WhiteElo "2053"]
[BlackElo "2145"]
[PlyCount "89"]
[EventDate "2015.11.14"]
[EventType "team-tourn"]
[EventRounds "7"]
[EventCountry "ENG"]
[SourceTitle "CBM 169 Extra"]
[Source "ChessBase"]
[SourceDate "2015.12.18"]
[SourceVersion "1"]
[SourceVersionDate "2015.12.18"]
[SourceQuality "1"]
[WhiteTeam "Celtic Tigers"]
[BlackTeam "Warwicks Select"]
[WhiteTeamCountry "ENG"]
[BlackTeamCountry "ENG"]

1. e4 e5 2. Nf3 Nc6 3. Bc4 Bc5 4. b4 Bxb4 5. c3 Ba5 6. d4 exd4 7. 0-0 Nge7 8. Qb3 0-0 9. cxd4 Bb6 10. Qc3 d5 11. exd5 Nxd5 12. Qd3 Nxd4 13. Nxd4 Nb4 14. Qb3 Bxd4 15. Nc3 Nc6 16. Bb5 Be6 17. Qc2 Nb4 18. Qd2 a6 19. Be2 Nxa2 20. Rxa2 Bxc3 21. Qxc3 Bxa2 22. Bb2 f6 23. Rd1 Qe7 24. Bf3 c5 25. h4 Rac8 26. h5 h6 27. Re1 Qd7 28. Qc2 Bf7 29. Rd1 Qe7 30. Qf5 Qe6 31. Qf4 Qb3 32. Ba1 Rcd8 33. Rc1 b6 34. Be4 Bd5 35. Bc2 Qa3 36. Rb1 f5 37. Qe5 Rf7 38. Bxf5 b5 39. Rd1 Qb3 40. Rd3 Qc4 41. Rg3 Qc1+ 42. Kh2 Qg5 43. Rxg5 hxg5 44. h6 Rf6 45. h7+ 1-0

[Event "SCO-ch 122nd"]
[Site "Edinburgh"]
[Date "2015.07.17"]
[Round "7"]
[White "Stevenson, James"]
[Black "Rubio Rodriguez, Luis"]
[Result "1-0"]
[WhiteElo "2028"]
[BlackElo "1826"]
[PlyCount "69"]
[EventDate "2015.07.11"]
[EventType "swiss"]
[EventRounds "9"]
[EventCountry "SCO"]
[SourceTitle "CBM 167 Extra"]
[Source "ChessBase"]
[SourceDate "2015.09.14"]
[SourceVersion "1"]
[SourceVersionDate "2015.09.14"]
[SourceQuality "1"]

1. Nf3 e6 2. c4 Nf6 3. Nc3 Be7 4. e4 d5 5. e5 Ne4 6. cxd5 exd5 7. Nxe4 dxe4 8. Qa4+ Nc6 9. Qxe4 0-0 10. Bc4 g6 11. d4 Bf5 12. Qf4 Nb4 13. 0-0 Nd3 14. Qh6 Nxc1 15. Raxc1 Bg4 16. Qe3 h5 17. Qh6 Bf5 18. e6 Bf6 19. exf7+ Rxf7 20. Ne5 Bxe5 21. dxe5 Qe7 22. Bxf7+ Qxf7 23. Rfd1 Rf8 24. Qe3 Be6 25. a3 h4 26. h3 a6 27. Rd4 Qe7 28. Qh6 g5 29. f4 gxf4 30. Rxf4 Rxf4 31. Qxf4 Qd7 32. Rf1 c6 33. Qf6 Qd4+ 34. Kh1 Qd5 35. Qg6+ 1-0

[Event "BCF-chT3S 1415 (4NCL)"]
[Site "England"]
[Date "2014.11.15"]
[Round "1.149"]
[White "Essinger, James J"]
[Black "Stevenson, James"]
[Result "0-1"]
[WhiteElo "1761"]
[BlackElo "2093"]
[PlyCount "86"]
[EventDate "2014.11.15"]
[EventType "team-swiss"]
[EventRounds "6"]
[EventCountry "ENG"]
[SourceTitle "CBM 163 Extra"]
[Source "ChessBase"]
[SourceDate "2014.12.23"]
[SourceVersion "1"]
[SourceVersionDate "2014.12.23"]
[SourceQuality "1"]
[WhiteTeam "Celtic Tigers II"]
[BlackTeam "Fermented Sharks"]
[WhiteTeamCountry "ENG"]
[BlackTeamCountry "ENG"]

1. e4 c5 2. d4 cxd4 3. c3 Nf6 4. e5 Nd5 5. cxd4 d6 6. Nf3 Nc6 7. h3 dxe5 8. dxe5 Bf5 9. a3 e6 10. Be2 Be7 11. 0-0 0-0 12. Qb3 Qc7 13. Nc3 Rfd8 14. Nxd5 Rxd5 15. Bf4 Rad8 16. Rac1 Qb8 17. Rfd1 h6 18. Rxd5 exd5 19. Qa4 Be6 20. Bb5 Rc8 21. Qd1 a6 22. Bd3 Bf8 23. Bb1 Ne7 24. Rxc8 Qxc8 25. Qc2 Qxc2 26. Bxc2 Nc6 27. b4 Be7 28. Kf1 Bd8 29. Ke2 Bc7 30. Bg3 g5 31. Kd2 Kf8 32. Bh2 g4 33. hxg4 Bxg4 34. Bf4 h5 35. Ng5 Nxe5 36. Nh7+ Kg7 37. Bxe5+ Bxe5 38. f3 Bf4+ 39. Ke2 Bd7 40. g3 Bxg3 41. Ke3 h4 42. f4 h3 43. Kf3 Bxf4 0-1

[Event "BCF-chT3S 1314 (4NCL)"]
[Site "England"]
[Date "2013.11.17"]
[Round "2.127"]
[White "Reuben, Stewart"]
[Black "Stevenson, James"]
[Result "0-1"]
[WhiteElo "2073"]
[BlackElo "2095"]
[PlyCount "78"]
[EventDate "2013.11.16"]
[EventType "team-swiss"]
[EventRounds "6"]
[EventCountry "ENG"]
[SourceTitle "CBM 157 Extra"]
[Source "ChessBase"]
[SourceDate "2013.12.19"]
[SourceVersion "1"]
[SourceVersionDate "2013.12.19"]
[SourceQuality "1"]
[WhiteTeam "MK Phoenix"]
[BlackTeam "Fermented Sharks"]
[WhiteTeamCountry "ENG"]
[BlackTeamCountry "ENG"]

1. c4 b6 2. Nc3 e6 3. e4 Bb7 4. Be2 c5 5. Bf3 Nc6 6. d3 Nd4 7. Be3 Nxf3+ 8. Nxf3 d6 9. d4 cxd4 10. Qxd4 Nf6 11. Rd1 Be7 12. 0-0 0-0 13. Bg5 Rc8 14. Rfe1 Qc7 15. b3 Rfd8 16. Rd3 Qc5 17. Red1 h6 18. Qxc5 dxc5 19. Bxf6 Bxf6 20. Rxd8+ Rxd8 21. Rxd8+ Bxd8 22. Nd2 g5 23. Kf1 Bc7 24. g3 Be5 25. Ndb1 g4 26. Ke2 Kg7 27. f3 gxf3+ 28. Kxf3 h5 29. Ke3 Kg6 30. Ne2 Kg5 31. h3 h4 32. g4 f5 33. gxf5 exf5 34. Nbc3 f4+ 35. Kf3 Bc8 36. Nd5 Bxh3 37. Nexf4 Bg4+ 38. Ke3 h3 39. Nd3 Bd4+ 0-1

[Event "Brighton e2e4 Challengers-C"]
[Site "Brighton"]
[Date "2011.02.26"]
[Round "6"]
[White "Stevenson, James"]
[Black "Haria, Ravi"]
[Result "1/2-1/2"]
[WhiteElo "2097"]
[BlackElo "1972"]
[PlyCount "39"]
[EventDate "2011.02.23"]
[EventType "tourn"]
[EventRounds "9"]
[EventCountry "ENG"]
[SourceTitle "CBM 141 Extra"]
[Source "ChessBase"]
[SourceDate "2011.05.03"]
[SourceVersion "1"]
[SourceVersionDate "2011.05.03"]
[SourceQuality "1"]

1. Nf3 Nf6 2. c4 c5 3. Nc3 d5 4. cxd5 Nxd5 5. e3 Nc6 6. Bc4 e6 7. 0-0 Be7 8. d4 cxd4 9. exd4 0-0 10. Bxd5 exd5 11. Qb3 Bg4 12. Qxb7 Rc8 13. Ne5 Nxe5 14. dxe5 d4 15. Nd5 Bc5 16. b4 Rb8 17. Qc6 Rc8 18. Qb7 Rb8 19. Qc6 Rc8 20. Qb7 1/2-1/2

[Event "Brighton e2e4 Challengers-C"]
[Site "Brighton"]
[Date "2011.02.25"]
[Round "4"]
[White "Stevenson, James"]
[Black "Campbell, Eoin S"]
[Result "1/2-1/2"]
[WhiteElo "2097"]
[BlackElo "1943"]
[PlyCount "92"]
[EventDate "2011.02.23"]
[EventType "tourn"]
[EventRounds "9"]
[EventCountry "ENG"]
[SourceTitle "CBM 141 Extra"]
[Source "ChessBase"]
[SourceDate "2011.05.03"]
[SourceVersion "1"]
[SourceVersionDate "2011.05.03"]
[SourceQuality "1"]

1. e4 c5 2. d4 cxd4 3. c3 dxc3 4. Nxc3 Nc6 5. Nf3 d6 6. Bc4 a6 7. 0-0 Nf6 8. h3 e6 9. Qe2 Be7 10. Rd1 Qc7 11. Bg5 0-0 12. Bb3 Bd7 13. Rac1 Rad8 14. Nd5 exd5 15. exd5 h6 16. dxc6 Bxc6 17. Bf4 Qd7 18. Nd4 Nd5 19. Bg3 Bg5 20. Nxc6 bxc6 21. Rc4 Rfe8 22. Qd3 Ne3 23. fxe3 Rxe3 24. Qxd6 Qa7 25. Qc5 Rxd1+ 26. Bxd1 Re1+ 27. Bxe1 Be3+ 28. Bf2 Bxc5 29. Rxc5 Qd7 30. Bf3 Qd2 31. Rxc6 Qxb2 32. Rxa6 g5 33. Ra8+ Kg7 34. a4 f5 35. a5 g4 36. Ra7+ Kf6 37. Bh4+ Ke5 38. hxg4 fxg4 39. Bg3+ Kf5 40. Ba8 Qd4+ 41. Bf2 Qd1+ 42. Kh2 g3+ 43. Bxg3 Qh5+ 44. Kg1 Qd1+ 45. Kh2 Qh5+ 46. Kg1 Qd1+ 1/2-1/2

[Event "BCF-chT2 1011 (4NCL)"]
[Site "England"]
[Date "2011.01.15"]
[Round "3.76"]
[White "Adams, Philip"]
[Black "Stevenson, James"]
[Result "1/2-1/2"]
[WhiteElo "2122"]
[BlackElo "2097"]
[PlyCount "40"]
[EventDate "2010.11.06"]
[EventType "team-swiss"]
[EventRounds "11"]
[EventCountry "ENG"]
[SourceTitle "EXT 2012"]
[Source "ChessBase"]
[SourceDate "2011.11.24"]
[SourceVersion "1"]
[SourceVersionDate "2011.11.24"]
[SourceQuality "1"]
[WhiteTeam "3CS Oldham"]
[BlackTeam "Kings Head"]
[WhiteTeamCountry "ENG"]
[BlackTeamCountry "ENG"]

1. Nf3 c5 2. c4 Nf6 3. Nc3 b6 4. g3 Bb7 5. Bg2 e6 6. 0-0 a6 7. b3 Be7 8. Bb2 0-0 9. e3 d6 10. Qe2 Nbd7 11. Rfd1 Ra7 12. d4 cxd4 13. exd4 Qa8 14. d5 e5 15. Nh4 g6 16. Bh3 Re8 17. a4 Bc8 18. b4 Nf8 19. Bg2 N6d7 20. Nf3 Rc7 1/2-1/2

[Event "BCF-chT2 1011 (4NCL)"]
[Site "England"]
[Date "2010.11.07"]
[Round "2.56"]
[White "Stevenson, James"]
[Black "Hunt, Daniel"]
[Result "0-1"]
[WhiteElo "2097"]
[BlackElo "2035"]
[PlyCount "98"]
[EventDate "2010.11.06"]
[EventType "team-swiss"]
[EventRounds "11"]
[EventCountry "ENG"]
[SourceTitle "EXT 2012"]
[Source "ChessBase"]
[SourceDate "2011.11.24"]
[SourceVersion "1"]
[SourceVersionDate "2011.11.24"]
[SourceQuality "1"]
[WhiteTeam "Kings Head"]
[BlackTeam "Guildford A&DC II"]
[WhiteTeamCountry "ENG"]
[BlackTeamCountry "ENG"]

1. d4 Nf6 2. Nf3 g6 3. Nc3 d5 4. Bf4 c6 5. e3 Bg7 6. Be2 Nbd7 7. Ne5 0-0 8. Qd2 Nxe5 9. Bxe5 b6 10. 0-0-0 Bb7 11. Bf3 b5 12. Kb1 a5 13. g4 Qb6 14. h4 c5 15. dxc5 Qxc5 16. Qd4 Qxd4 17. Bxd4 b4 18. Bxf6 Bxf6 19. Nxd5 Kg7 20. e4 Bxd5 21. Rxd5 e6 22. Rd3 Rad8 23. h5 h6 24. hxg6 fxg6 25. Be2 Rxd3 26. cxd3 Bd4 27. f3 Be3 28. Kc2 a4 29. Rd1 Rc8+ 30. Kb1 e5 31. d4 exd4 32. Bb5 a3 33. Bd7 Rc7 34. Bb5 Kf6 35. Bd3 Ke5 36. Bc2 g5 37. bxa3 bxa3 38. Rd3 Kf4 39. Rxa3 Kxf3 40. Bd1+ Kxe4 41. Be2 Rc1+ 42. Kb2 Rh1 43. Kc2 Re1 44. Bd1 Kf4 45. Rd3 h5 46. gxh5 g4 47. h6 g3 48. h7 Rh1 49. Be2 g2 0-1